000 00204 a2200097 4500
001 11076
100 _aJamil Ahmed
245 _aHistoric Doucments
260 _a
_bPublish United
_c
090 _c8637
_d8637
942 _aNUST-CAE
_cM
_c35419
999 _c246149
_d246149